000 00367nam a2200145Ia 4500
008 230718s9999 xx 000 0 und d
041 _aeng
082 _a523.43
_bGRA
100 _aGray J.
_9110081
245 _aWhy Mars And Venus Collide
260 _bHarper Element
365 _cRs.
_b295.00
700 _aGray J.
_9110081
906 _dB:387318-Mar-2008
_cOTH
_b59
999 _c318527
_d318527